[Event "ROM-chT Blitz"]
[Site "Sebes"]
[Date "2022.12.04"]
[Round "2.6"]
[White "Murariu, Andrei"]
[Black "Nevednichy, Vladislav"]
[Result "1/2-1/2"]
[WhiteElo "2493"]
[BlackElo "2502"]
[PlyCount "51"]
[EventDate "2022.12.04"]
[EventType "team-swiss (blitz)"]
[EventRounds "8"]
[EventCountry "ROU"]
[SourceTitle "CBM 211 Extra"]
[Source "ChessBase"]
[SourceDate "2023.01.31"]
[SourceVersion "1"]
[SourceVersionDate "2023.01.31"]
[SourceQuality "1"]
[WhiteTeam "Arnia Chess"]
[BlackTeam "Iasi Politehnica"]
[WhiteTeamCountry "ROU"]
[BlackTeamCountry "ROU"]

1. e4 e6 2. d4 d5 3. Nd2 Be7 4. Ngf3 Nf6 5. Bd3 0-0 6. 0-0 c5 7. dxc5 a5 8. Qe2 Na6 9. b3 Nxc5 10. Bb2 Nxd3 11. cxd3 b6 12. Rac1 Ba6 13. e5 Nd7 14. Nd4 Bc5 15. Kh1 Rc8 16. f4 Bxd4 17. Bxd4 Qe7 18. Nf3 Qb4 19. Qe3 Qb5 20. Rfd1 Rxc1 21. Rxc1 Rc8 22. Rxc8+ Bxc8 23. Qc1 Qa6 24. Qc7 h6 25. Ne1 Qb7 26. Qxb7 1/2-1/2

[Event "ROM-chT Rapid"]
[Site "Sebes"]
[Date "2022.12.03"]
[Round "6.6"]
[White "Cosma, Ioan"]
[Black "Murariu, Andrei"]
[Result "1-0"]
[WhiteElo "2368"]
[BlackElo "2493"]
[PlyCount "155"]
[EventDate "2022.12.03"]
[EventType "team-swiss (rapid)"]
[EventRounds "8"]
[EventCountry "ROU"]
[SourceTitle "CBM 211 Extra"]
[Source "ChessBase"]
[SourceDate "2023.01.31"]
[SourceVersion "1"]
[SourceVersionDate "2023.01.31"]
[SourceQuality "1"]
[WhiteTeam "Techirghiol Victoria"]
[BlackTeam "Arnia Chess"]
[WhiteTeamCountry "ROU"]
[BlackTeamCountry "ROU"]

1. d4 d5 2. c4 c6 3. Nf3 Nf6 4. Nc3 dxc4 5. a4 Bf5 6. Ne5 Nbd7 7. Nxc4 Qc7 8. Qd2 Nb6 9. e3 Nxc4 10. Bxc4 e5 11. dxe5 Qxe5 12. 0-0 Bd6 13. f4 Qe7 14. e4 Nxe4 15. Nxe4 Bxe4 16. Re1 Bb4 17. Rxe4 Qxe4 18. Qxb4 0-0-0 19. Qc3 Rd1+ 20. Kf2 Rhd8 21. Be2 Rh1 22. Qe5 Qxe5 23. fxe5 Rd5 24. Bg4+ Kc7 25. e6 Kd8 26. exf7 Ke7 27. Bf3 Rd2+ 28. Bxd2 Rxa1 29. a5 Kxf7 30. Bc3 Ra4 31. Ke3 g6 32. Bd1 Ra1 33. Bb3+ Ke7 34. h4 b6 35. axb6 axb6 36. Bc2 Rg1 37. Kf3 c5 38. Bd3 Rh1 39. g3 Kd6 40. Bc4 Ra1 41. Kg4 Rg1 42. Kf4 Kc6 43. Bg8 h6 44. Bh7 g5+ 45. hxg5 hxg5+ 46. Kg4 Kd5 47. Bf6 Rg2 48. b3 b5 49. Bg8+ Kc6 50. Bxg5 Rc2 51. Bf4 c4 52. bxc4 bxc4 53. Kf3 c3 54. Ke4 Rg2 55. Kd4 Rc2 56. Bb3 Rf2 57. Kxc3 Rf3+ 58. Kc4 Kd7 59. Bc2 Ke6 60. Be4 Rf1 61. Kd4 Re1 62. g4 Rg1 63. Bf3 Kf6 64. Ke3 Kg6 65. Be4+ Kf6 66. Kf3 Ke6 67. g5 Kf7 68. Be3 Rf1+ 69. Kg4 Re1 70. Kf4 Rf1+ 71. Ke5 Re1 72. Bd4 Rf1 73. Kd6 Rd1 74. g6+ Ke8 75. Bc6+ Kd8 76. Ke5 Ke7 77. Bc5+ Kd8 78. g7 1-0

[Event "ROM-chT Rapid"]
[Site "Sebes"]
[Date "2022.12.03"]
[Round "7.6"]
[White "Murariu, Andrei"]
[Black "Ghimpu, Samuel Timotei"]
[Result "1/2-1/2"]
[WhiteElo "2493"]
[BlackElo "2455"]
[PlyCount "71"]
[EventDate "2022.12.03"]
[EventType "team-swiss (rapid)"]
[EventRounds "8"]
[EventCountry "ROU"]
[SourceTitle "CBM 211 Extra"]
[Source "ChessBase"]
[SourceDate "2023.01.31"]
[SourceVersion "1"]
[SourceVersionDate "2023.01.31"]
[SourceQuality "1"]
[WhiteTeam "Arnia Chess"]
[BlackTeam "Arad Vados"]
[WhiteTeamCountry "ROU"]
[BlackTeamCountry "ROU"]

1. e4 e6 2. d4 d5 3. Nd2 c5 4. exd5 Qxd5 5. Ngf3 cxd4 6. Bc4 Qd7 7. 0-0 Nc6 8. Nb3 a6 9. Nbxd4 Nxd4 10. Qxd4 Qxd4 11. Nxd4 Bd7 12. b3 Nf6 13. Bb2 Be7 14. Rad1 0-0 15. Nf5 exf5 16. Bxf6 Bxf6 17. Rxd7 b5 18. Bd5 Rad8 19. Rxd8 Rxd8 20. c4 Be7 21. g3 Kf8 22. Re1 g6 23. Kg2 Bc5 24. Re2 a5 25. Bc6 bxc4 26. bxc4 Rd4 27. Bd5 Bb4 28. Rc2 Rd2 29. Rxd2 Bxd2 30. c5 Bb4 31. c6 Bd6 32. Kf3 Ke7 33. h4 h6 34. Ke2 Bc7 35. Kd3 Bb6 36. Ke2 1/2-1/2

[Event "ROM-chT Rapid"]
[Site "Sebes"]
[Date "2022.12.03"]
[Round "1.6"]
[White "Murariu, Andrei"]
[Black "Ionescu, Mihai"]
[Result "1-0"]
[WhiteElo "2493"]
[BlackElo "2243"]
[PlyCount "93"]
[EventDate "2022.12.03"]
[EventType "team-swiss (rapid)"]
[EventRounds "8"]
[EventCountry "ROU"]
[SourceTitle "CBM 211 Extra"]
[Source "ChessBase"]
[SourceDate "2023.01.31"]
[SourceVersion "1"]
[SourceVersionDate "2023.01.31"]
[SourceQuality "1"]
[WhiteTeam "Arnia Chess"]
[BlackTeam "Family Giroc"]
[WhiteTeamCountry "ROU"]
[BlackTeamCountry "ROU"]

1. e4 e5 2. Nf3 Nf6 3. Nxe5 d6 4. Nf3 Nxe4 5. Nc3 Nxc3 6. dxc3 Be7 7. Bf4 Nc6 8. Qd2 Be6 9. 0-0-0 Qd7 10. Kb1 Bf6 11. Bb5 a6 12. Ba4 b5 13. Bb3 Bxb3 14. axb3 0-0 15. h4 a5 16. Bg5 Be7 17. Rhe1 a4 18. Qd5 axb3 19. cxb3 Rfe8 20. Qxb5 Ra5 21. Qd3 Rea8 22. b4 Ra1+ 23. Kc2 Rxd1 24. Rxd1 Bf8 25. b5 Ne7 26. Bxe7 Bxe7 27. Re1 Bf6 28. Ng5 g6 29. Qf3 Qf5+ 30. Qxf5 gxf5 31. Re3 Kg7 32. Rg3 Be5 33. f4 h6 34. Nf3+ Kf6 35. fxe5+ dxe5 36. Nd2 f4 37. Rd3 Rg8 38. Rd7 Rxg2 39. Rxc7 e4 40. Rc4 e3 41. Rxf4+ Kg6 42. Rd4 f5 43. b6 e2 44. b7 e1Q 45. b8Q Rg1 46. Qg8+ Kh5 47. Qf7+ 1-0

[Event "ROM-chT"]
[Site "Mamaia"]
[Date "2019.09.27"]
[Round "7.2"]
[White "Murariu, Andrei"]
[Black "Cosma, Ioan"]
[Result "1/2-1/2"]
[WhiteElo "2495"]
[BlackElo "2394"]
[PlyCount "101"]
[EventDate "2019.09.21"]
[EventType "team-tourn"]
[EventRounds "9"]
[EventCountry "ROU"]
[SourceTitle "EXT 2020"]
[Source "ChessBase"]
[SourceDate "2019.10.17"]
[SourceVersion "1"]
[SourceVersionDate "2019.10.17"]
[SourceQuality "1"]
[WhiteTeam "Timisoara Vest Univ"]
[BlackTeam "Techirghiol Victoria"]
[WhiteTeamCountry "ROU"]
[BlackTeamCountry "ROU"]

1. e4 c5 2. Nf3 Nc6 3. d4 cxd4 4. Nxd4 Nf6 5. Nc3 d6 6. Bg5 e6 7. Qd2 Be7 8. 0-0-0 0-0 9. f3 a6 10. h4 Qc7 11. Kb1 Rd8 12. g4 Nxd4 13. Qxd4 b5 14. Be3 Rb8 15. g5 b4 16. Ne2 Nh5 17. f4 a5 18. Bg2 e5 19. Qd2 Bg4 20. Rhe1 d5 21. exd5 exf4 22. Bxf4 Nxf4 23. Nxf4 Bxd1 24. Rxd1 Bd6 25. Nd3 Re8 26. h5 a4 27. g6 hxg6 28. hxg6 fxg6 29. Bh3 Qf7 30. Be6 Rxe6 31. dxe6 Qxe6 32. Nf4 Bxf4 33. Qxf4 Rb5 34. Qf3 a3 35. Qb3 Qxb3 36. axb3 axb2 37. Kxb2 g5 38. Rg1 Kf7 39. c3 Kg6 40. cxb4 Rxb4 41. Kc3 Rf4 42. b4 g4 43. b5 Kg5 44. b6 Rf3+ 45. Kc4 Rf2 46. Rb1 Rf8 47. b7 g3 48. b8Q Rxb8 49. Rxb8 g2 50. Rb1 Kf4 51. Kd5 1/2-1/2

[Event "Jupiter Fisca op"]
[Site "Jupiter"]
[Date "2019.06.28"]
[Round "8"]
[White "Antonica, Dragos Andrei"]
[Black "Murariu, Andrei"]
[Result "1/2-1/2"]
[WhiteElo "2124"]
[BlackElo "2512"]
[PlyCount "32"]
[EventDate "2019.06.22"]
[EventType "swiss"]
[EventRounds "9"]
[EventCountry "ROU"]
[SourceTitle "CBM 191 Extra"]
[Source "ChessBase"]
[SourceDate "2019.09.30"]
[SourceVersion "1"]
[SourceVersionDate "2019.09.30"]
[SourceQuality "1"]

1. e4 c5 2. Nf3 d6 3. d3 Nc6 4. g3 g6 5. Bg2 Bg7 6. 0-0 e5 7. c3 Nge7 8. Na3 0-0 9. Nc2 f5 10. a3 a5 11. b4 axb4 12. axb4 Rxa1 13. Nxa1 cxb4 14. cxb4 b5 15. Qb3+ Kh8 16. Nc2 h6 1/2-1/2

[Event "Eforie Nord Seacoast op 27th"]
[Site "Eforie Nord"]
[Date "2017.06.25"]
[Round "7"]
[White "Itkis, Boris"]
[Black "Murariu, Andrei"]
[Result "0-1"]
[WhiteElo "2371"]
[BlackElo "2504"]
[PlyCount "72"]
[EventDate "2017.06.19"]
[EventType "swiss"]
[EventRounds "10"]
[EventCountry "ROU"]
[SourceTitle "CBM 179 Extra"]
[Source "ChessBase"]
[SourceDate "2017.08.23"]
[SourceVersion "1"]
[SourceVersionDate "2017.08.23"]
[SourceQuality "1"]

1. d4 d5 2. c4 e6 3. Nf3 Nf6 4. Nc3 c6 5. Bg5 h6 6. Bxf6 Qxf6 7. e3 g6 8. Bd3 dxc4 9. Bxc4 Bg7 10. 0-0 0-0 11. Qe2 Nd7 12. Rac1 Re8 13. Rfd1 a5 14. a3 Qe7 15. e4 e5 16. d5 a4 17. Ba2 Nb6 18. Qe3 Ra6 19. d6 Qd8 20. Ne1 Be6 21. Nd3 Nd7 22. Rc2 Bf8 23. Rcd2 Ra5 24. g3 Bxa2 25. Nxa2 Qf6 26. Ndb4 Re6 27. Kg2 h5 28. Qf3 Qxf3+ 29. Kxf3 Ra8 30. Nc3 Nc5 31. d7 Rd8 32. Ne2 Rf6+ 33. Ke3 Nb3 34. f4 Bc5+ 35. Kf3 Nxd2+ 36. Rxd2 Rd6 0-1

[Event "Eforie Nord Seacoast op 27th"]
[Site "Eforie Nord"]
[Date "2017.06.24"]
[Round "6"]
[White "Murariu, Andrei"]
[Black "Bulmaga, Irina"]
[Result "0-1"]
[WhiteElo "2504"]
[BlackElo "2415"]
[PlyCount "92"]
[EventDate "2017.06.19"]
[EventType "swiss"]
[EventRounds "10"]
[EventCountry "ROU"]
[SourceTitle "CBM 179 Extra"]
[Source "ChessBase"]
[SourceDate "2017.08.23"]
[SourceVersion "1"]
[SourceVersionDate "2017.08.23"]
[SourceQuality "1"]

1. e4 e5 2. Nf3 Nc6 3. Bb5 a6 4. Ba4 Nf6 5. 0-0 b5 6. Bb3 Be7 7. Re1 0-0 8. h3 d6 9. c3 Na5 10. Bc2 c5 11. d4 Nd7 12. d5 Nb6 13. Nbd2 Bd7 14. Nf1 Qc7 15. Ng3 c4 16. Nh2 Nb7 17. Qf3 Nc5 18. Ng4 f6 19. Nf5 Bxf5 20. Qxf5 a5 21. Re3 Qc8 22. Qf3 b4 23. Qd1 Kh8 24. Rg3 b3 25. Bb1 a4 26. Ne3 g6 27. h4 Rf7 28. h5 g5 29. Qe2 Ncd7 30. Nf5 Bf8 31. h6 Be7 32. Qh5 Qg8 33. axb3 axb3 34. Rxa8 Nxa8 35. f4 exf4 36. Bxf4 Ne5 37. Be3 Qg6 38. Qe2 Bf8 39. Bd4 Rc7 40. Ne3 Qxh6 41. Bxe5 dxe5 42. Rh3 Qg6 43. Nxc4 g4 44. Re3 Bc5 45. g3 Qh6 46. Bd3 Nb6 0-1

[Event "ROM-chT"]
[Site "Calimanesti Caciulata"]
[Date "2016.11.19"]
[Round "1.4"]
[White "Murariu, Andrei"]
[Black "Svetushkin, Dmitry"]
[Result "1/2-1/2"]
[WhiteElo "2505"]
[BlackElo "2562"]
[PlyCount "93"]
[EventDate "2016.11.19"]
[EventType "team-tourn"]
[EventRounds "9"]
[EventCountry "ROU"]
[SourceTitle "CBM 175 Extra"]
[Source "ChessBase"]
[SourceDate "2016.12.12"]
[SourceVersion "1"]
[SourceVersionDate "2016.12.12"]
[SourceQuality "1"]
[WhiteTeam "Techirghiol Victoria"]
[BlackTeam "Iasi Politehnica"]
[WhiteTeamCountry "ROU"]
[BlackTeamCountry "ROU"]

1. e4 e5 2. Nf3 Nc6 3. Bc4 Bc5 4. c3 Nf6 5. d4 exd4 6. cxd4 Bb4+ 7. Bd2 Nxe4 8. Bxb4 Nxb4 9. Bxf7+ Kxf7 10. Qb3+ Kf8 11. Qxb4+ Qe7 12. Qxe7+ Kxe7 13. 0-0 Kd8 14. Re1 Nf6 15. Nc3 d6 16. d5 Bd7 17. Nd4 Re8 18. Rac1 a6 19. f3 Re7 20. Kf2 Ke8 21. g4 Rxe1 22. Rxe1+ Kf7 23. Ne6 h6 24. h4 Rc8 25. g5 hxg5 26. hxg5 Nh5 27. Ne2 Bxe6 28. dxe6+ Ke7 29. Ng3 Nxg3 30. Kxg3 d5 31. f4 Rf8 32. Kg4 g6 33. Rh1 d4 34. Rh7+ Kxe6 35. Rg7 d3 36. Rxg6+ Kd5 37. Rh6 d2 38. Rh1 Kc4 39. Kf3 c5 40. g6 Kd5 41. Kg4 Ke6 42. Kg5 Rf5+ 43. Kg4 Rd5 44. Rd1 Rd8 45. f5+ Ke5 46. Kf3 Kxf5 47. g7 1/2-1/2

[Event "Morzine op"]
[Site "Morzine"]
[Date "2014.07.16"]
[Round "7"]
[White "Czebe, Attila"]
[Black "Murariu, Andrei"]
[Result "1/2-1/2"]
[WhiteElo "2439"]
[BlackElo "2513"]
[PlyCount "110"]
[EventDate "2014.07.10"]
[EventType "swiss"]
[EventRounds "9"]
[EventCountry "FRA"]
[SourceTitle "EXT 2015"]
[Source "ChessBase"]
[SourceDate "2014.11.20"]
[SourceVersion "1"]
[SourceVersionDate "2014.11.20"]
[SourceQuality "1"]

1. Nf3 d5 2. g3 Nf6 3. Bg2 e6 4. 0-0 Be7 5. b3 0-0 6. Bb2 b6 7. c4 Bb7 8. e3 Nbd7 9. Nc3 c5 10. Rc1 Rc8 11. Qe2 dxc4 12. bxc4 Qc7 13. d3 Rfd8 14. e4 Qb8 15. Ne1 Ne5 16. f4 Nc6 17. Nc2 Nd4 18. Nxd4 cxd4 19. Nb1 Bc5 20. Nd2 a5 21. Nb3 a4 22. Nxc5 bxc5 23. Rb1 Qa8 24. Ba3 Nd7 25. Bh3 Rc7 26. Qh5 Re8 27. f5 exf5 28. Rxf5 g6 29. Qg5 f6 30. Rxf6 Nxf6 31. Qxf6 Bc8 32. Qd6 Qc6 33. Qxc6 Rxc6 34. Bf1 Ba6 35. Be2 h5 36. Bd1 Ra8 37. e5 Rc7 38. Rb6 Bc8 39. Rxg6+ Kh7 40. Rg5 Rb8 41. Bc2 Bg4 42. e6 Bxe6 43. Rxh5+ Kg6 44. Rxc5 Rxc5 45. Bxc5 Rb2 46. Bxa4 Rxa2 47. Bc6 Bf5 48. Bxd4 Bxd3 49. c5 Kf5 50. h3 Be4 51. Bd7+ Kg6 52. Kf1 Rd2 53. Be8+ Kh7 54. Bf2 Bd3+ 55. Kg2 Be4+ 1/2-1/2

[Event "Morzine op"]
[Site "Morzine"]
[Date "2014.07.15"]
[Round "6"]
[White "Murariu, Andrei"]
[Black "Epishin, Vladimir"]
[Result "1/2-1/2"]
[WhiteElo "2513"]
[BlackElo "2556"]
[PlyCount "103"]
[EventDate "2014.07.10"]
[EventType "swiss"]
[EventRounds "9"]
[EventCountry "FRA"]
[SourceTitle "EXT 2015"]
[Source "ChessBase"]
[SourceDate "2014.11.20"]
[SourceVersion "1"]
[SourceVersionDate "2014.11.20"]
[SourceQuality "1"]

1. e4 c6 2. c4 e5 3. Nf3 d6 4. d4 Nd7 5. Nc3 Ngf6 6. Be2 g6 7. 0-0 Bg7 8. d5 c5 9. Ne1 0-0 10. Be3 Ne8 11. Nd3 Qe7 12. Qd2 b6 13. Kh1 Nc7 14. Rae1 Rb8 15. a4 Rb7 16. Bg4 Na6 17. g3 Nb4 18. b3 Nxd3 19. Qxd3 a6 20. Bd2 Re8 21. Bh3 Qd8 22. f4 exf4 23. gxf4 Qh4 24. Qg3 Qxg3 25. hxg3 Rb8 26. Kg2 h5 27. Re2 Bd4 28. Rfe1 Kf8 29. Na2 b5 30. axb5 axb5 31. Ba5 bxc4 32. bxc4 Nb6 33. Bxc8 Rexc8 34. Rc1 f6 35. Bxb6 Rxb6 36. Nc3 Bxc3 37. Rxc3 Re8 38. Kf3 Kf7 39. Ra3 Reb8 40. e5 fxe5 41. fxe5 dxe5 42. Rxe5 Rb3+ 43. Re3 Rxa3 44. Rxa3 Rb4 45. Kf4 Rxc4+ 46. Ke5 g5 47. d6 Rc1 48. Rf3+ Ke8 49. Kd5 Ra1 50. Kc6 Ra6+ 51. Kxc5 h4 52. gxh4 1/2-1/2

[Event "Morzine op"]
[Site "Morzine"]
[Date "2014.07.14"]
[Round "5"]
[White "Murariu, Andrei"]
[Black "Riff, Jean Noel"]
[Result "1/2-1/2"]
[WhiteElo "2513"]
[BlackElo "2482"]
[PlyCount "26"]
[EventDate "2014.07.10"]
[EventType "swiss"]
[EventRounds "9"]
[EventCountry "FRA"]
[SourceTitle "EXT 2015"]
[Source "ChessBase"]
[SourceDate "2014.11.20"]
[SourceVersion "1"]
[SourceVersionDate "2014.11.20"]
[SourceQuality "1"]

1. e4 e6 2. d4 d5 3. Nd2 Be7 4. Bd3 c5 5. dxc5 Nf6 6. Qe2 0-0 7. Ngf3 a5 8. exd5 exd5 9. Nb3 Nc6 10. 0-0 Re8 11. a4 Bxc5 12. Qd1 Bb6 13. Bf4 Bg4 1/2-1/2

[Event "Eforie Nord op"]
[Site "Eforie Nord"]
[Date "2014.06.28"]
[Round "5"]
[White "Kostic, Nebojsa"]
[Black "Murariu, Andrei"]
[Result "1/2-1/2"]
[WhiteElo "2271"]
[BlackElo "2513"]
[PlyCount "96"]
[EventDate "2014.06.24"]
[EventType "swiss"]
[EventRounds "11"]
[EventCountry "ROU"]
[SourceTitle "CBM 161 Extra"]
[Source "ChessBase"]
[SourceDate "2014.08.29"]
[SourceVersion "1"]
[SourceVersionDate "2014.08.29"]
[SourceQuality "1"]

1. d4 Nf6 2. c4 g6 3. Nc3 d5 4. Bf4 Bg7 5. Nf3 0-0 6. h3 c5 7. e3 Nc6 8. Be2 cxd4 9. Nxd4 Nxd4 10. Qxd4 Be6 11. Bf3 dxc4 12. Bxb7 Nd5 13. Be5 Nb4 14. 0-0-0 Qxd4 15. Bxd4 Rad8 16. Bxg7 Kxg7 17. Rxd8 Rxd8 18. Be4 Bf5 19. Rd1 Nxa2+ 20. Nxa2 Rxd1+ 21. Kxd1 Bxe4 22. f3 Bd3 23. Ke1 Kf6 24. Nb4 Bb1 25. Kd2 Ke6 26. Kc3 a5 27. Nc6 Bd3 28. Nxa5 Bf1 29. g3 Bxh3 30. Nxc4 h5 31. Kd2 Kd5 32. Na3 e5 33. e4+ Kc5 34. Nc2 Be6 35. Ke3 g5 36. Ne1 Bc4 37. f4 exf4+ 38. gxf4 g4 39. Ng2 Bf1 40. Nh4 Kc4 41. f5 g3 42. b3+ Kc5 43. b4+ Kd6 44. Kf4 g2 45. e5+ Kd5 46. Nf3 h4 47. Ng1 Bd3 48. Nh3 Bb5 1/2-1/2

[Event "Eforie Nord op"]
[Site "Eforie Nord"]
[Date "2014.06.26"]
[Round "3"]
[White "Gavrilescu, David"]
[Black "Murariu, Andrei"]
[Result "0-1"]
[WhiteElo "1989"]
[BlackElo "2513"]
[PlyCount "88"]
[EventDate "2014.06.24"]
[EventType "swiss"]
[EventRounds "11"]
[EventCountry "ROU"]
[SourceTitle "CBM 161 Extra"]
[Source "ChessBase"]
[SourceDate "2014.08.29"]
[SourceVersion "1"]
[SourceVersionDate "2014.08.29"]
[SourceQuality "1"]

1. e4 e6 2. Nf3 d5 3. Nc3 Nf6 4. e5 Nfd7 5. d4 c5 6. dxc5 Bxc5 7. Bd3 Nc6 8. Bf4 a6 9. 0-0 b5 10. a3 Bb7 11. Qe2 Be7 12. Qd2 Nc5 13. Rfe1 h6 14. h3 Rc8 15. Ne2 Ne4 16. Qe3 Bc5 17. Ned4 f5 18. c3 Qe7 19. Qe2 0-0 20. Be3 Na5 21. Rad1 Nc4 22. Bc1 Rc7 23. g3 Qe8 24. Kg2 g5 25. h4 Rg7 26. hxg5 hxg5 27. Rh1 g4 28. Ne1 Nxe5 29. Bh6 Ng6 30. Bxg7 Kxg7 31. f3 e5 32. Nb3 gxf3+ 33. Nxf3 d4 34. cxd4 Ng5 35. Nbd2 e4 36. Kf2 exd3 37. Qxe8 Rxe8 38. dxc5 Re2+ 39. Kf1 Rxd2 40. Rxd2 Bxf3 41. Rhh2 Ne5 42. b4 Ne4 43. Ra2 Nc4 44. c6 d2 0-1

[Event "Eforie Nord op"]
[Site "Eforie Nord"]
[Date "2014.06.24"]
[Round "1"]
[White "Vrajitoru, Vlad Laurentiu Flor"]
[Black "Murariu, Andrei"]
[Result "1/2-1/2"]
[WhiteElo "1856"]
[BlackElo "2513"]
[PlyCount "55"]
[EventDate "2014.06.24"]
[EventType "swiss"]
[EventRounds "11"]
[EventCountry "ROU"]
[SourceTitle "CBM 161 Extra"]
[Source "ChessBase"]
[SourceDate "2014.08.29"]
[SourceVersion "1"]
[SourceVersionDate "2014.08.29"]
[SourceQuality "1"]

1. d4 d5 2. c4 c6 3. Nc3 Nf6 4. e3 e6 5. Nf3 Nbd7 6. Qc2 Bd6 7. Bd3 dxc4 8. Bxc4 b5 9. Bd3 Bb7 10. 0-0 0-0 11. a3 a5 12. Bd2 Re8 13. h3 Rc8 14. Ng5 h6 15. Nge4 Bb8 16. Nc5 Qc7 17. f4 Nxc5 18. dxc5 e5 19. Ne4 Nxe4 20. Bxe4 exf4 21. exf4 a4 22. Rae1 Rcd8 23. Bc3 Qd7 24. Bf5 Qd5 25. Be4 Qd7 26. Ba5 Qc7 27. Bc3 Kh8 28. Be5 1/2-1/2

[Event "ROM-ch"]
[Site "Targu Mures"]
[Date "2014.04.27"]
[Round "2"]
[White "Murariu, Andrei"]
[Black "Ifrim, Silviu"]
[Result "1-0"]
[WhiteElo "2518"]
[BlackElo "2108"]
[PlyCount "87"]
[EventDate "2014.04.26"]
[EventType "swiss"]
[EventRounds "11"]
[EventCountry "ROU"]
[SourceTitle "CBM 160 Extra"]
[Source "ChessBase"]
[SourceDate "2014.07.01"]
[SourceVersion "1"]
[SourceVersionDate "2014.07.01"]
[SourceQuality "1"]

1. e4 e6 2. d4 d5 3. Nd2 Nf6 4. e5 Nfd7 5. Bd3 c5 6. c3 Nc6 7. Ne2 cxd4 8. cxd4 f6 9. exf6 Qxf6 10. Nf3 h6 11. 0-0 Bd6 12. Ng3 0-0 13. Bc2 Rd8 14. Re1 Nf8 15. a3 Bd7 16. b4 a6 17. Bb2 Be8 18. Ne5 Bxe5 19. dxe5 Qh4 20. Qd2 Bg6 21. Ba4 Na5 22. Qd4 Qxd4 23. Bxd4 Nc4 24. f4 b5 25. Bd1 a5 26. Bg4 Ra6 27. h4 Rda8 28. h5 Bf7 29. Bc3 axb4 30. axb4 Ra3 31. Ne2 Ne3 32. Bf3 Nc2 33. Rxa3 Rxa3 34. Rc1 Ne3 35. Bd4 Nc4 36. Nc3 Be8 37. Be2 g6 38. hxg6 Nxg6 39. Bh5 Kh7 40. f5 exf5 41. Nxd5 Kg7 42. e6+ Kf8 43. Rf1 Nd6 44. Bc5 1-0

[Event "ROM-chT"]
[Site "Mamaia"]
[Date "2013.09.02"]
[Round "3.5"]
[White "Murariu, Andrei"]
[Black "Vrencian, Lehel"]
[Result "1-0"]
[WhiteElo "2533"]
[BlackElo "2190"]
[PlyCount "71"]
[EventDate "2013.08.31"]
[EventType "team-tourn"]
[EventRounds "9"]
[EventCountry "ROU"]
[SourceTitle "CBM 156 Extra"]
[Source "ChessBase"]
[SourceDate "2013.10.22"]
[SourceVersion "1"]
[SourceVersionDate "2013.10.22"]
[SourceQuality "1"]
[WhiteTeam "Timisoara Luxten"]
[BlackTeam "Resita Muncitorul"]
[WhiteTeamCountry "ROU"]
[BlackTeamCountry "ROU"]

1. e4 c5 2. Nf3 d6 3. d4 cxd4 4. Nxd4 Nf6 5. Nc3 a6 6. Rg1 e6 7. g4 d5 8. exd5 Nxd5 9. Nxd5 Qxd5 10. Be3 Qa5+ 11. c3 Be7 12. Bg2 0-0 13. Qc2 Rd8 14. h4 Bf6 15. Nb3 Qc7 16. g5 Be5 17. Be4 g6 18. Nd2 Bd7 19. 0-0-0 Be8 20. Nc4 Rxd1+ 21. Rxd1 Bf4 22. Kb1 Bxe3 23. Nxe3 h5 24. gxh6 Nc6 25. h5 f5 26. Bxc6 Bxc6 27. Qb3 Qf7 28. Rg1 Be4+ 29. Ka1 g5 30. Rxg5+ Kh8 31. Qb6 Rg8 32. f4 e5 33. Nc4 Bc6 34. Nxe5 Qe7 35. Rxg8+ Kxg8 36. Qg1+ 1-0

[Event "ROM-ch"]
[Site "Baile Olanesti"]
[Date "2013.02.21"]
[Round "8"]
[White "Murariu, Andrei"]
[Black "Miroiu, George Catalin"]
[Result "1-0"]
[WhiteElo "2533"]
[BlackElo "2314"]
[PlyCount "83"]
[EventDate "2013.02.16"]
[EventType "swiss"]
[EventRounds "11"]
[EventCountry "ROU"]
[SourceTitle "CBM 153 Extra"]
[Source "ChessBase"]
[SourceDate "2013.04.22"]
[SourceVersion "1"]
[SourceVersionDate "2013.04.22"]
[SourceQuality "1"]

1. e4 e6 2. d4 d5 3. Nd2 c5 4. exd5 Qxd5 5. Ngf3 cxd4 6. Bc4 Qd6 7. 0-0 Nf6 8. Nb3 Nc6 9. Nbxd4 Nxd4 10. Nxd4 Bd7 11. c3 Qc7 12. Qe2 a6 13. Bg5 Bd6 14. g3 h6 15. Bxf6 gxf6 16. Rfd1 Be7 17. Rac1 h5 18. b4 h4 19. b5 hxg3 20. hxg3 axb5 21. Bxb5 Bxb5 22. Qxb5+ Kf8 23. Rb1 Rxa2 24. Qxb7 Qxc3 25. Rbc1 Qb2 26. Qf3 Rh6 27. Rc8+ Kg7 28. Rc7 Qa3 29. Qxa3 Bxa3 30. Nxe6+ Kg6 31. Nf4+ Kg5 32. Rd5+ f5 33. Rxf7 Rf6 34. Rg7+ Kh6 35. Rdd7 Bf8 36. Rh7+ Kg5 37. Rh5+ Kg4 38. Kg2 Rh6 39. Rd4 Rc2 40. Rc4 Ra2 41. Rh4+ Rxh4 42. Ne6+ 1-0

[Event "ROM-ch"]
[Site "Baile Olanesti"]
[Date "2013.02.18"]
[Round "4"]
[White "Murariu, Andrei"]
[Black "Voiteanu, Christian Gabriel"]
[Result "1-0"]
[WhiteElo "2533"]
[BlackElo "2287"]
[PlyCount "63"]
[EventDate "2013.02.16"]
[EventType "swiss"]
[EventRounds "11"]
[EventCountry "ROU"]
[SourceTitle "CBM 153 Extra"]
[Source "ChessBase"]
[SourceDate "2013.04.22"]
[SourceVersion "1"]
[SourceVersionDate "2013.04.22"]
[SourceQuality "1"]

1. e4 e5 2. Nf3 Nf6 3. Nxe5 d6 4. Nf3 Nxe4 5. d4 d5 6. Bd3 Be7 7. 0-0 Nc6 8. c4 Nb4 9. Be2 0-0 10. Nc3 Be6 11. cxd5 Nxc3 12. bxc3 Nxd5 13. Bd2 Nb6 14. Qc2 Nc4 15. Bf4 c6 16. Rfe1 Bf6 17. Bd3 h6 18. Rxe6 Na3 19. Qb3 fxe6 20. Qxa3 c5 21. Qxc5 Rc8 22. Qd6 Qxd6 23. Bxd6 Rfd8 24. Bb4 e5 25. Bf5 exd4 26. Bxc8 Rxc8 27. cxd4 Rc4 28. Rb1 Bxd4 29. Nxd4 Rxd4 30. Kf1 b6 31. Ke2 Kf7 32. Ke3 1-0

[Event "ROM-ch"]
[Site "Baile Olanesti"]
[Date "2013.02.16"]
[Round "1"]
[White "Costachi, Mihnea"]
[Black "Murariu, Andrei"]
[Result "0-1"]
[WhiteElo "2056"]
[BlackElo "2533"]
[PlyCount "96"]
[EventDate "2013.02.16"]
[EventType "swiss"]
[EventRounds "11"]
[EventCountry "ROU"]
[SourceTitle "CBM 153 Extra"]
[Source "ChessBase"]
[SourceDate "2013.04.22"]
[SourceVersion "1"]
[SourceVersionDate "2013.04.22"]
[SourceQuality "1"]

1. d4 d5 2. c4 c6 3. Nc3 Nf6 4. cxd5 cxd5 5. Bf4 Nc6 6. e3 a6 7. Bd3 e6 8. Nf3 Be7 9. Ne5 0-0 10. 0-0 Bd7 11. a3 Rc8 12. Rc1 Na5 13. g4 Nc4 14. Qe2 b5 15. g5 Ne8 16. Bxh7+ Kxh7 17. Qh5+ Kg8 18. Nxf7 Rxf7 19. g6 Nf6 20. gxf7+ Kf8 21. Qg6 Nd6 22. Kh1 Nxf7 23. Rg1 Ne8 24. Be5 Bf6 25. f4 Ned6 26. Ne2 Rxc1 27. Rxc1 Bxe5 28. fxe5 Nf5 29. Nf4 Ke7 30. Nh5 Qh8 31. Rg1 Kf8 32. Ng3 Qh6 33. Nxf5 exf5 34. Qxh6 Nxh6 35. Rg6 Ng4 36. Rxa6 Nxe3 37. Kg1 f4 38. Kf2 Nf5 39. e6 Be8 40. Kf3 g5 41. Kg4 Nxd4 42. Kxg5 f3 43. e7+ Kxe7 44. Rf6 Bd7 45. h4 Bf5 46. h5 f2 47. h6 f1Q 48. h7 Qg2+ 0-1